Match the Currency to the Country #1 (easiest) - Statistics

General Stats
  • This quiz has been taken 305 times
  • The average score is 8 of 10
Answer Stats
Hint Answer % Correct
Japan Yen
93%
India Rupee
88%
Portugal Euro
86%
Chile Peso
80%
Turkey Lira
79%
Bahamas Dollar
76%
Switzerland Franc
76%
Denmark Krone
75%
Belarus Rouble
70%
Egypt Pound
53%
No matching quizzes found
Score Distribution
Percent of People with Each Score
Percentile by Number Answered
Your Score History
You have not taken this quiz